00535caa a22001572a 4500001000900000003001100009008004300020092001400063100002300077245002400100300001300124500009900137942000900236773011500245999001700360 005650 AR-FADEU 311216n########xxu####################dd a414bH236 aGoldsmith, John A. aPhonological theory app. 1-23 aEn: The handbook of phonological theory / John A. Goldsmith (ed.). Cambridge : Blackwell, 1995 cBDGR0 011471910111abdCambridgeo03059tTHE HANDBOOK of phonological theoryw( AR-FADEU) 005649xz0-631-18062-1 c11472d11472